000 01493aam a2200313 i 4500
001 768714001
003 CO-MdFUSB
005 20220204064407.0
007 ta
008 220203t1985 sp |||| |||| 00| 0 spa d
020 _a8472289877
040 _bspa.
_aCO-MdFUSB
_cCO-MdFUSB
_dCO-MdFUSBC
_erda
041 _aspa
082 0 4 _a231.32
_223
_bC4323u
100 1 _aChadwick, Samuel (1860-1932)
_eautor
245 3 _aEl único camino a la victoria
_c/ Samuel Chadwick ; traducido por Nancy Fernández
264 1 _aTerrassa, Barcelona, España :
_bClie,
_c[1985]
264 4 _c© 1985
300 _a156 páginas
_c; 20 cm
336 _atexto
_btxt
_2rdacontent
337 _2rdamedia
_asin mediación
_bn
338 _2rdacarrier
_avolumen
_bnc
505 _a¿Creemos de veras en el Espíritu Santo? -- La iglesia sin el Espíritu.-- El espíritu de la promesa. -- Pentecostés. -- El don de Espíritu Santo. -- La vida pentecostal. -- El Espíritu que reviste. -- La comunión del Espíritu Santo. -- "El Espíritu de Cristo" -- "El Espíritu de poder" -- "El Espíritu de vida" -- "El Espíritu de la verdad" -- "El Espíritu de santidad" -- "El Espíritu de amor" -- "El Espíritu de fuego" -- El fruto del Espíritu. -- Los dones del Espíritu. -- La ley del Espíritu. -- El reto de pentecostés. -- El camino a la bendición.
563 _aRústico
650 0 _aEspíritu Santo
_950
700 _aFernández, Nancy,
_etraductor
_96057
942 _cBK
945 _aJTF-925
999 _c34118
_d34118